| 000 | 00767nam a22002297a 4500 | ||
|---|---|---|---|
| 003 | OSt | ||
| 005 | 20260508144207.0 | ||
| 008 | 260508b |||||||| |||| 00| 0 eng d | ||
| 020 | _a9781284296655 Pbk. Bp. | ||
| 040 |
_aMMSU _cULS |
||
| 050 | _aRT 89 L43 2026 CHS | ||
| 245 |
_aLeadership for evidence-based innovation in nursing and health professions / _cDan Weberg, Sandra Davidson, Editors. |
||
| 250 | _aThird edition. | ||
| 260 |
_aBurlington, MA : _bJones and Bartlett Learning, _c2026. |
||
| 300 |
_axxiii, 408 pages : _billustrations ; _c23 cm. |
||
| 504 | _aIncludes index. | ||
| 650 | _aEvidence-based nursing. | ||
| 650 |
_aOrganizational change. _994 |
||
| 650 | _aHealth services administration. | ||
| 650 |
_aLeadership. _9800 |
||
| 942 |
_2lcc _cBK |
||
| 999 |
_c29127 _d29127 |
||